A.B.C. de la acupuntura (Record no. 37447)
[ view plain ]
| 000 -LEADER | |
|---|---|
| campo de control de longitud fija | 00613nam a2200193 i 4500 |
| 001 - NÚMERO DE CONTROL | |
| campo de control | 37447 |
| 003 - IDENTIFICADOR DE NÚMERO DE CONTROL | |
| campo de control | ES-MaACL |
| 005 - FECHA Y HORA DE LA ÚLTIMA TRANSACCIÓN | |
| campo de control | 20260212142030.0 |
| 007 - CAMPO FIJO DE DESCRIPCIÓN FÍSICA--INFORMACIÓN GENERAL | |
| campo de control de longitud fija | t| |
| 008 - DATOS DE LONGITUD FIJA--INFORMACIÓN GENERAL | |
| campo de control de longitud fija | 030221s1976 sp af |||| | spa d |
| 100 1# - ENTRADA PRINCIPAL--NOMBRE DE PERSONA | |
| Nombre de persona | Cabal, Fermín, |
| Fechas asociadas al nombre | 1923- |
| 9 (RLIN) | 33060 |
| 245 10 - MENCIÓN DEL TÍTULO | |
| Título | A.B.C. de la acupuntura |
| Resto del título | : agenda-atlas de bolsillo / |
| Mención de responsabilidad, etc. | Fermín Cabal ; prólogo de Felipe Aguado. |
| 260 ## - PUBLICACIÓN, DISTRIBUCIÓN, ETC. | |
| Lugar de publicación, distribución, etc. | Madrid : |
| Nombre del editor, distribuidor, etc. | Cabal, |
| Fecha de publicación, distribución, etc. | 1976. |
| 300 ## - DESCRIPCIÓN FÍSICA | |
| Extensión | 288 p., 6 lám. : |
| Otras características físicas | il. ; |
| Dimensiones | 20 cm. |
| 650 #4 - PUNTO DE ACCESO ADICIONAL DE MATERIA--TÉRMINO DE MATERIA | |
| Término de materia o nombre geográfico como elemento de entrada | Acupuntura. |
| 9 (RLIN) | 158954 |
| 700 1# - ENTRADA AGREGADA--NOMBRE PERSONAL | |
| Nombre de persona | Aguado Hernández, Felipe, |
| Fechas asociadas al nombre | 1946- |
| 9 (RLIN) | 18621 |
| 852 ## - LOCALIZACIÓN | |
| Ubicación | ES-MaACL |
| Número de control de estantería | A-6965 |
| Estatus retirado | Estado de pérdida | Estado de daño | No para préstamo | Biblioteca de origen | Biblioteca actual | Ubicación en estantería | Fecha de adquisición | Fuente de adquisición | Total de préstamos | Signatura topográfica completa | Código de barras | Visto por última vez | Precio de reemplazo | Tipo de ítem Koha |
|---|---|---|---|---|---|---|---|---|---|---|---|---|---|---|
| Biblioteca del Ateneo de Madrid | Biblioteca del Ateneo de Madrid | Sala Pecera Planta 1 | 17/01/2008 | A-6965 | 1039413 | 23/02/2023 | 23/02/2023 | Libro impreso |
